پا گل پن (Record no. 181598)

MARC details
000 -LEADER
fixed length control field 00576nam a22001937a 4500
005 - DATE AND TIME OF LATEST TRANSACTION
control field 20210924145222.0
010 ## - LCCN (DPL NO)
LC control number UR-11246
020 ## - INTERNATIONAL STANDARD BOOK NUMBER
Terms of availability 160.00
International Standard Book Number 9789391238131
035 ## - SYSTEM CONTROL NUMBER
System control number U-9801
037 ## - SOURCE OF ACQUISITION
Source of stock number/acquisition DBAD/PUB
082 ## - DEWEY DECIMAL CLASSIFICATION NUMBER
Classification number ک
100 ## - MAIN ENTRY--PERSONAL NAME
Personal name حسين قر يشی
245 ## - TITLE STATEMENT
Title پا گل پن
Statement of responsibility, etc حسين قر يشی
246 ## - VARYING FORM OF TITLE
Title proper/short title Pagalpan (Urdu)
Remainder of title by Haseen Qureshi
260 ## - PUBLICATION, DISTRIBUTION, ETC. (IMPRINT)
Place of publication, distribution, etc Delhi
Date of publication, distribution, etc 2021 ء
Name of publisher, distributor, etc Educational Publishing House
270 ## - ADDRESS
Address 3191,Vakil Street,kucha pandit Lal kuan ,
City Delhi
Postal code 110006
Fax number -
300 ## - PHYSICAL DESCRIPTION
Extent 128 ص
Dimensions 22 Cm(Hb)
942 ## - ADDED ENTRY ELEMENTS (KOHA)
Source of classification or shelving scheme Dewey Decimal Classification
Item type Urdu Bks
Classification part ک
Call number suffix ق ر ے
Holdings
Withdrawn status Lost status Not for loan Collection code Home library Current library Date acquired Source of acquisition Cost, normal purchase price Full call number Barcode Copy number Cost, replacement price Koha item type
    Not For Loan Non-fiction D.B.Act.Division Central Library 24/09/2021 DBAD/PUB 160.00 ک ق ر ے U-9801 1 160.00 Urdu Bks

© Delhi Public Library
Hit Counter
free hit counter